000 00709nam a2200241 i 4500
001 bg
100 1 _aMACHLARZ, Radosław
245 1 0 _aLaboratorium maszyn elektrycznych :
_bmaszyny komutatorowe /
_cRadosław Machlarz ; Politechnika Lubelska.
260 _aLublin :
_bWydawnictwa Uczelniane PL,
_c2000.
300 _a143 s. :
_bil. ;
_c24 cm.
500 _aNa s. red. błędny ISBN.
504 _aBibliogr.
650 9 _aMaszyny elektryczne
655 _aPodręczniki akademickie
710 0 _aPolitechnika Lubelska
020 _a8388110411
040 _cBPK
041 0 _apl
080 _a621.313(075.8)
920 _a83-88110-41-1
942 _cKS
008 s pl f |000 0 pol
999 _c38820
_d38820
856 _uhttp://koha.tu.koszalin.pl/cgi-bin/koha/opac-detail.pl?biblionumber=38820
_yKatalog online BPK